উনিশ শতকের বাংলা সাধারণ রঙ্গালয় : (Record no. 2588)
[ view plain ]
| 000 -LEADER | |
|---|---|
| fixed length control field | 01128nam a22002177a 4500 |
| 003 - CONTROL NUMBER IDENTIFIER | |
| control field | BD-DhJNU |
| 005 - DATE AND TIME OF LATEST TRANSACTION | |
| control field | 20260129045735.0 |
| 008 - FIXED-LENGTH DATA ELEMENTS--GENERAL INFORMATION | |
| fixed length control field | 260129b |||||||| |||| 00| 0 eng d |
| 020 ## - INTERNATIONAL STANDARD BOOK NUMBER | |
| International Standard Book Number | 9789387158528 |
| 040 ## - CATALOGING SOURCE | |
| Original cataloging agency | BD-DhJNU |
| Language of cataloging | ENG |
| Transcribing agency | BD-DhJNU |
| Modifying agency | BD-DhJNU |
| 082 ## - DEWEY DECIMAL CLASSIFICATION NUMBER | |
| Edition number | 23 |
| Classification number | 792.095 BNU |
| 100 ## - MAIN ENTRY--PERSONAL NAME | |
| Personal name | বন্দ্যোপাধ্যায়, নির্মল |
| 242 ## - TRANSLATION OF TITLE BY CATALOGING AGENCY | |
| Title | Public theatre in 19th century Bengal : |
| Remainder of title | history, nationalism, and social life / |
| Statement of responsibility, etc. | Nirmal Bandyopadhyay |
| 245 ## - TITLE STATEMENT | |
| Title | উনিশ শতকের বাংলা সাধারণ রঙ্গালয় : |
| Remainder of title | ইতিহাস জাতীয়তাবাদ সমাজজীবন / |
| Statement of responsibility, etc. | নির্মল বন্দ্যোপাধ্যায় |
| 246 ## - VARYING FORM OF TITLE | |
| Title proper/short title | Unish shotoker bangla sadharon rnggaly : |
| Remainder of title | itihas jatiytabal somajjibon / |
| 260 ## - PUBLICATION, DISTRIBUTION, ETC. | |
| Place of publication, distribution, etc. | কলকাতা : |
| Name of publisher, distributor, etc. | সপ্তর্ষি প্রকাশন, |
| Date of publication, distribution, etc. | 2018. |
| 300 ## - PHYSICAL DESCRIPTION | |
| Extent | ৪১৫পৃ. : |
| Other physical details | চিত্র ; |
| Dimensions | ২৪ সেমি.। |
| 504 ## - BIBLIOGRAPHY, ETC. NOTE | |
| Bibliography, etc. note | গ্রন্থপঞ্জী সম্বলিত |
| 650 ## - SUBJECT ADDED ENTRY--TOPICAL TERM | |
| Topical term or geographic name entry element | রঙ্গালয় |
| 942 ## - ADDED ENTRY ELEMENTS (KOHA) | |
| Source of classification or shelving scheme | Dewey Decimal Classification |
| Koha item type | Books |
| Suppress in OPAC | No |
| Withdrawn status | Lost status | Source of classification or shelving scheme | Damaged status | Not for loan | Collection | Home library | Current library | Shelving location | Date acquired | Source of acquisition | Total checkouts | Full call number | Barcode | Date last seen | Copy number | Price effective from | Koha item type |
|---|---|---|---|---|---|---|---|---|---|---|---|---|---|---|---|---|---|
| Dewey Decimal Classification | Non-fiction | Jagannath University Central Library | Jagannath University Central Library | General stacks | 01/29/2026 | Purchased | 792.095 BNU | JNUCL36155 | 01/29/2026 | 1 | 01/29/2026 | Books |